000 00670nam a2200205 i 4500
001 130016
003 ES-MaACL
005 20230906193626.0
007 t|
008 070716s1939 sp ||||1| spa d
100 1 _aZunzunegui, Juan Antonio de.
_9118511
245 1 3 _aEl amor del otro cuarto /
_cpor Juan Antonio de Zunzunegui ; [ilustraciones de E. Lacarde].
260 _aMadrid :
_b[s.n.],
_c1939.
300 _a14 p. :
_bil. ;
_c28 cm.
490 1 _aLa novela de "Vértice" ;
_venero 1939
700 1 _aLacarde, E.
_9137792
830 0 _aLa novela de "Vértice" ;
_venero 1939
_9171496
852 _aES-MaACL
_j1846-F-36
_bR.20267
999 _c130016
_d130016